000 01695nam a2200265 4500
005 20211216143859.0
008 160706s1907 fr ||fr|||| 001 0 fre d
040 _aCO-BoUCM
_bspa
_cSandra Yazo
_dSandra Yazo
041 0 _afre
082 0 4 _220
_a904
092 _aE51N058
100 1 _aLang, Andrew
_978043
242 0 0 _aMisterios de la Historia.
_cpor Andrew Lang ; Traducción del inglés por Teodor de Wyzewa.
_yspa
245 1 4 _aLes Mystères de l’Histoire.
_cby Andrew Lang ; Traduits de l’anglais par Teodor de Wyzewa.
260 _aParís (Francia)
_bLibrairie Academique ; Perrin et Cie. [Librería Académica ; Perrin y Compañía]
_c1907
300 _aviii, 351 páginas
_c28 x 12 cm.
500 _aDetalles físicos: Encuadernación rígida (holandesa) en cartón forrado en papel con repujados. Lomo de tela, con adornos en dorado. Tapas con detalles en dorado. Guardas. Hoja de cortesía. Anteportada. Portada impresa en una sola tinta. Texto impreso en una columna, con diferentes tipos y tamaños de letra. Índice. En portada, sello seco que dice: “Librería Minerva. Papelería. Bogotá”.
505 0 _aLa máscara de hierro ; La doble vida de Jacques de la Cloche ; Gaspar Hauser ; El asesinato de Escobedo ; El misterio de Campden ; San Germán el inmortal ; La conspiración de los Gowrie ; La aventura de Elisabeth Canning ; El fantasma de Fisher ; El enredo Shakespeare-Bacon.
506 _aConsulta en sala
546 _aTexto en francés
650 7 _97695
_aHistoria
_xEnsayos, conferencias, etc
650 7 _9272
_aLiteratura inglesa
_ySiglo XIX-XX
700 1 _aWyzewa, Teodor de
_etraductor
_9172810
942 _2LOCAL
_cLIBRO
_e1
_hE51N058
999 _c320298
_d320298